000 00664nam a2200205Ia 4500
005 20250508163042.0
008 008 250505s9999 xx 000 0 eng d
020 _a0-7100-0883-X
037 _aTextual
040 _aFEDL
_beng
_cFEDL
041 _aeng
_2eng
084 _a155.3, GOL
_qFEDL
100 _aGoldman Ronald
_9774632
245 0 _aChildren's sexual thinking : A comparative study of children aged 5 to 15 years in Australia, North America, Britain and Sweden
260 _aLondon, UK
_bRoutledge and Kegan Paul
_c1982
300 _axviii,485p.
650 _aPersonality
942 _cTEXL
_h155.3, GOL
999 _c1380511
_d1380511